[Event "Nuremberg op"]
[Site "Nuremberg"]
[Date "2019.11.16"]
[Round "2"]
[White "Thuerauf, Peter"]
[Black "Bohme, Sebastian"]
[Result "1/2-1/2"]
[WhiteElo "1845"]
[BlackElo "2096"]
[PlyCount "62"]
[EventDate "2019.11.15"]
[EventType "swiss"]
[EventRounds "5"]
[EventCountry "GER"]
[SourceTitle "CBM 193 Extra"]
[Source "ChessBase"]
[SourceDate "2020.01.31"]
[SourceVersion "1"]
[SourceVersionDate "2020.01.31"]
[SourceQuality "1"]

1. d4 Nf6 2. Nf3 e6 3. c4 Bb4+ 4. Bd2 c5 5. Bxb4 cxb4 6. Nbd2 Nc6 7. e3 0-0 8. Be2 d6 9. 0-0 e5 10. Qc2 Bg4 11. Rfd1 Qe7 12. d5 Nb8 13. Nb3 Na6 14. a3 bxa3 15. Rxa3 Rfc8 16. e4 Qc7 17. Ra4 Nd7 18. Nbd2 Ndc5 19. Ra3 Nb4 20. Qc3 a5 21. h3 Bh5 22. Re1 Bg6 23. Bf1 Qd8 24. Nh2 Qb6 25. Nhf3 f5 26. Nh4 fxe4 27. Nxg6 hxg6 28. Nxe4 Nxd5 29. Qd2 Nb4 30. Rg3 Rf8 31. Rxg6 Rf4 1/2-1/2

[Event "GER-ch43 V11 email"]
[Site "GER email"]
[Date "2011.04.10"]
[Round "?"]
[White "Bohme, Sebastian"]
[Black "Schulz, Guenter"]
[Result "1-0"]
[WhiteElo "2148"]
[BlackElo "2153"]
[PlyCount "83"]
[EventDate "2011.04.18"]
[EventType "tourn (corr)"]
[EventRounds "10"]
[EventCountry "GER"]
[SourceTitle "Corr 2015"]
[Source "ChessBase"]
[SourceDate "2015.07.17"]
[SourceVersion "1"]
[SourceVersionDate "2015.07.17"]
[SourceQuality "1"]

1. d4 Nf6 2. Nf3 g6 3. c4 Bg7 4. Nc3 0-0 5. e4 d6 6. Be2 e5 7. 0-0 Nc6 8. d5 Ne7 9. Be3 Nh5 10. c5 f5 11. Qb3 h6 12. Rac1 Kh7 13. Bd3 b6 14. exf5 Bxf5 15. cxd6 cxd6 16. Be2 Nf6 17. Nd2 Rc8 18. h3 Bd7 19. Ba6 Rc7 20. Nde4 Nf5 21. Nxf6+ Rxf6 22. Ne4 Rf7 23. Rxc7 Qxc7 24. Rc1 Qd8 25. a4 Nxe3 26. Qxe3 Bf8 27. b3 Be7 28. Qe2 Kg7 29. g4 Kh7 30. Rc3 Kg7 31. Kg2 Bh4 32. Qc2 Re7 33. Bc8 Be8 34. Be6 Bd7 35. Bxd7 Rxd7 36. Rc8 Qe7 37. Qc6 Bg5 38. b4 Bh4 39. a5 bxa5 40. bxa5 Qf7 41. a6 Kh7 42. Rb8 1-0